Statistics for Imagine Dragons Song Discography

Click here to take the quiz!

General Stats

  • This quiz has been taken 41 times
    (39 since last reset)
  • The average score is 43 of 93

Answer Stats

Answer% Correct
Believer
90%
Radioactive
87%
Thunder
81%
Demons
77%
Natural
77%
Bones
74%
Sharks
74%
Birds
65%
Bullet In A Gun
65%
Love
65%
On Top Of The World
65%
Roots
65%
Whatever It Takes
65%
#1
61%
Cutthroat
61%
Enemy
61%
It's Time
61%
Smoke And Mirrors
61%
Wrecked
61%
Zero
61%
Amsterdam
58%
Bad Liar
58%
Gold
58%
Boomerang
55%
Dancing In The Dark
55%
Follow You
55%
Giants
55%
I Bet My Life
55%
Lonely
55%
My Life
55%
Nothing Left To Say/Rocks
55%
Rise Up
55%
Tiptoe
55%
Cool Out
52%
Machine
52%
Monday
52%
Only
52%
Shots
52%
Symphony
52%
Walking The Wire
52%
Bleeding Out
48%
Blur
48%
Digital
48%
Mouth Of The River
48%
The Fall
48%
West Coast
48%
Burn Out
45%
Dull Knives
45%
I'm So Sorry
45%
Next To Me
45%
No Time For Toxic People
45%
Polaroid
45%
Cha-Ching (Till We Grow Older)
42%
Dream
42%
Hear Me
42%
I Don't Know Why
42%
I'll Make It Up To You
42%
Yesterday
42%
America
39%
Higher Ground
39%
Hopeless Opus
39%
It's OK
39%
One Day
39%
Selene
39%
Stuck
39%
Summer
39%
Waves
39%
Crushed
35%
Every Night
35%
Friction
35%
My Fault
35%
Real Life
35%
Round And Round
35%
Start Over
35%
Ferris Wheel
32%
Underdog
32%
Working Man
32%
Younger
32%
Fallen
29%
Sirens
29%
Easy Come Easy Go
26%
I Was Me
26%
Not Today
26%
The River
26%
Cover Up
23%
It Comes Back To You
23%
I Wish
23%
Peace Of Mind
23%
They Don't Know You Like I Do
23%
Trouble
23%
Levitate
19%
Love Of Mine
16%
Bubble
10%

Score Distribution

Percentile by Number Answered

Percent of People with Each Score

Your Score History

You have not taken this quiz since the last reset